Zostavenie účtovnej závierky za rok 2018 v jednoduchom účtovníctve
Právna úprava účtovnej závierky za rok 2018. Postup prác pri zostavovaní účtovnej závierky. Ilustračné príklady.
Guardado en:
| Autor principal: | |
|---|---|
| Formato: | Capítulo de libro |
| Lenguaje: | eslovaco |
| Materias: | |
| Etiquetas: |
Sin Etiquetas, Sea el primero en etiquetar este registro!
|
MARC
| LEADER | 00000naa a2200000 4500 | ||
|---|---|---|---|
| 001 | 0249829 | ||
| 005 | 20221104111046.4 | ||
| 041 | 0 | |a slo | |
| 044 | |a SK | ||
| 245 | 1 | 0 | |a Zostavenie účtovnej závierky za rok 2018 v jednoduchom účtovníctve |c Jana Marková |
| 520 | |a Právna úprava účtovnej závierky za rok 2018. Postup prác pri zostavovaní účtovnej závierky. Ilustračné príklady. | ||
| 610 | 2 | 0 | |a závierka účtovná |
| 610 | 2 | 0 | |a úpravy právne |
| 610 | 2 | 0 | |a účtovníctvo jednoduché |
| 610 | 2 | 0 | |a pravidlá účtovné |
| 100 | 1 | |a Marková, Jana | |